LEADER 03115nam 22004213a 450 001 9910153755303321 005 20250204001106.0 024 8 $ahttps://doi.org/10.7476/9788568334386 035 $a(CKB)3880000000044214 035 $a(oapen)https://directory.doabooks.org/handle/20.500.12854/58877 035 $a(ScCtBLL)ad86d097-bdaf-4086-9c63-5565a26dc471 035 $a(OCoLC)1250402733 035 $a(oapen)doab58877 035 $a(EXLCZ)993880000000044214 100 $a20250204i20142020 uu 101 0 $apor 135 $aurmn|---annan 181 $ctxt$2rdacontent 182 $cc$2rdamedia 183 $acr$2rdacarrier 200 00$aSaúde : $efundamentos de geografia humana /$fRaul Borges Guimarães 210 $cSciELO Books - Editora UNESP$d2014 210 1$a[s.l.] :$cFundação Editora da UNESP,$d2014. 215 $a1 electronic resource (110 p.) 311 08$a9788568334386 311 08$a8568334385 330 $aRaul Borges Guimarães produziu esta obra pensando principalmente nos estudantes de geografia que estão em busca de informações sobre biogeografia e geografia da saúde. Mas o autor ressalva que o livro também se dirige aos profissionais de saúde que identificam essa subdisciplina como uma alternativa para enriquecer a abordagem social e ambiental dos problemas de saúde. Com tal objetivo, ele procurasintetizar os questionamentos que levanta em especialem sua dissertação de mestrado, tese de doutorado e tesede livre-docência. Resultado de 20 anos de estudos geográficos no campo da saúde coletiva, a obra remete à formação inicial do autor na área de saúde coletiva entre 1986 e 1987 no Instituto de Saúde de São Paulo. Naquela época, ele relata, a busca era pela relação entre o espaço geográfico e o processo saúde-doença. Mas os resultados do trabalho o levaram para o estudo dos equipamentos médico-hospitalares e o impacto da inovação tecnológica no trabalho do médico e a perceber, logo em seguida, o poder dos circuitos médico-hospitalares na produção da própria cidade. A constatação o transportou para o estudo da saúde urbana. Assim, Guimarães partiu "do território para a geografia inscrita no corpo do cidadão brasileiro", especialmente daquele que vive do trabalho, para contribuir com o entendimento da saúde pública. Ele explica que esse movimento tem como base a renovação da epidemiologia (que busca caracterizar os determinantes sociais e ambientais dos problemas de saúde), a preocupação com o desenvolvimento da promoção de saúde, compreendendo o território como estratégia de ação, e a necessidade de regionalizar o sistema e os serviços e ações de saúde, entre outros fatores ligados à história recente da saúde coletiva. 606 $aSocial Science / Human Geography$2bisacsh 606 $aSocial sciences 615 7$aSocial Science / Human Geography 615 0$aSocial sciences. 700 $aGuimarães$b Raul Borges$01295429 801 0$bScCtBLL 801 1$bScCtBLL 906 $aBOOK 912 $a9910153755303321 996 $aSaúde$94323115 997 $aUNINA